000
00345nas a2200157 a 4500
001
63515
003
136108
005
20201118110029.0
008
||||||n9999 ||| || ||
041
_a
eng
245
0
_a
Time - Vol.153 No.16
260
_a
Estados Unidos :
_b
Time,
_c
1999.
562
_e
1
773
_0
21966
_a
Time
942
_c
SISS
999
_c
63515
_d
63515